000 00343 a2200157 4500
001 186643
020 _a978-85-10-04867-5
040 _cMagnum
100 _aRibeiro, Jonas
240 1 0 _aCada bicho em seu lugar
_lpor
245 1 0 _aCada bicho em seu lugar
300 _a31
362 0 _a2010
697 _aLITERATURA INFANTO
942 _cBK
999 _c186643
_d186643